The new guide to graphic design

Bibliographic Details
Other Authors: Cotton, Bob
Format: Book
Language:English
Published: London : Phaidon Press Ltd , 1990
Subjects:

MARC

LEADER 00000cam a2200000 7i4500
001 0000003693
005 20230718.0
008 991206 enk eng
020 |a 0714826278 (hbk) 
040 |a INS 
090 0 0 |a NC997   |b .N395 1990 
245 0 4 |a The new guide to graphic design   |c edited by Bob Cotton 
260 |a London :   |b Phaidon Press Ltd ,   |c 1990 
300 |a 192 p. :   |b ill. (some col.) ;   |c 31 cm. 
500 |a Includes index 
650 0 |a Graphic arts 
700 1 |a Cotton, Bob 
999 |a 0000005130   |b BOOK   |c Open Shelf   |e Default branch